000 00514cam a2200205ua 4500
001 9479
008 151001n ii |||gr||||Z||||||asm
020 _a8189003607
040 _cMAIN
041 _aasm
082 _a920
100 _aMalakar, Poresh,
_eEditor.
245 1 _aAmar shoishav
_ced. by Poresh Malakar
260 _aGuwahati:
_bAnwesha,
_c2012.
300 _a258p.
653 _aBiography, genealogy & insignia
653 _aAssamese biography
700 _aSarma, Dudulmoni,
_eEditor.
942 _cBK
999 _c8526
_d8526